| 000 | 01092nam a22003017a 4500 | ||
|---|---|---|---|
| 999 |
_c45930 _d45930 |
||
| 001 | 19568 | ||
| 003 | CO-MdFUSB | ||
| 005 | 20230331062543.0 | ||
| 008 | 171117t1960 enk|||||||||| 00| 0 eng d | ||
| 020 | _a334-00407-1 | ||
| 040 |
_aCO-MdFUSB _bspa _cCO-MdFUSB _dCO-MdFUSBC _erda |
||
| 041 | _aeng | ||
| 082 | 0 | 4 | _aG 226.06 M289e |
| 100 | 1 |
_aManson, T. W. _eautor |
|
| 245 | 0 |
_aEthics and the gospel _c/ T. W. Manson |
|
| 264 | 4 |
_aLondon : _bSCM Press: _c©1960 |
|
| 300 | _a109 páginas | ||
| 336 |
_2rdacontent _atexto _btxt |
||
| 337 |
_2rdamedia _asin mediación _bn |
||
| 338 |
_2rdacarrier _avolumen _bnc |
||
| 500 | _aIncluye índices (p. 105-109) | ||
| 501 | _aRústico | ||
| 505 | 0 | 0 | _aEl trasfondo del Antiguo Testamento - El judaísmo y la ley de Moisés - Jesús y la ley de Moisés - El fundamento de la ética cristiana: Siguiendo a Cristo - La comunidad cristiana más temprana - La enseñanza original de Jesús y la ética de la iglesia primitiva |
| 650 | 7 |
_aÉtica cristiana _2 _9185 |
|
| 653 | _aÉtica bíblica | ||
| 653 | _a Enseñanzas de Jesús | ||
| 942 | _cBK | ||